| 000 | 00726nam a2200229 4500 | ||
|---|---|---|---|
| 003 | OSt | ||
| 005 | 20240708053845.0 | ||
| 006 | a | ||
| 008 | 240708b |||||||| |||| 00| 0 eng d | ||
| 020 | _a0789025981 | ||
| 040 |
_aDWCL-HMN lib. _cOC |
||
| 082 | _aCirc. 647.9691 C976 2004 | ||
| 100 | _aRobert R. Nelson | ||
| 245 | _aCurrent issues in convention and exhibition facility development / | ||
| 260 |
_aUSA : _bThe Haworth Hospitality Press, Inc., _cc2004. |
||
| 300 |
_b164 p. ; _c21 cm. |
||
| 504 | _aIncludes bibliographical references and index. | ||
| 650 | _a1. Convention facilities. | ||
| 650 | _a2. Congresses and conventions. | ||
| 650 | _a3. Exhibition buildings. | ||
| 942 |
_2ddc _n0 _cBK-CIRC _kCirc. |
||
| 999 |
_c2092 _d2092 |
||